Sistemas pastoriles de producción ganadera.
Guardado en:
| Formato: | Libro |
|---|---|
| Idioma: | Spanish |
| Publicado: |
Buenos Aires :
Forum Argentino de Forrajes,
2000.
|
| Etiquetas: |
Agregar Etiqueta
Sin Etiquetas, Sea el primero en etiquetar este registro!
|
| LEADER | 00413nam a22001335a 4500 | ||
|---|---|---|---|
| 001 | EEA.libagro006780 | ||
| 005 | 20180614092451.0 | ||
| 008 | 130809s2000####ag#a##########000#0#spa#d | ||
| 082 | 0 | 4 | |a 636.2 |
| 082 | 0 | 4 | |a 003 |
| 245 | 1 | 0 | |a Sistemas pastoriles de producción ganadera. |
| 260 | |a Buenos Aires : |b Forum Argentino de Forrajes, |c 2000. | ||
| 300 | |a 96 p. : |b il. ; |c 24 cm. | ||
| 859 | |a AR-BbBCA |b BIB. AGRONOMIA |h 636.2 |i S195 |p 2000/4146 | ||
